Petranský, Ivan A.. Katolícka cirkev na Slovensku a parlamentné voľby v roku 1946. - 2000 [Rezension]
| Titel: | Petranský, Ivan A.. Katolícka cirkev na Slovensku a parlamentné voľby v roku 1946. - 2000 [Rezension] |
|---|---|
| Verfasser: | |
| In: |
Soudobé dějiny, Band 8, Heft 4 (2001), Seite 830-831 alle Artikel anzeigen |
| Veröffentlicht: | 2001 |
| Format: | Aufsatz |
| Sprache: | Slowakisch |
X
alg: 39479559 001A $01999:12-11-16 001B $01999:03-08-21 $t21:02:36.000 001D $01999:12-11-16 001U $0utf8 001X $00 002@ $0Aox 003@ $0394795598 007A $0394795598 $aHEB 007T $0Herdc0027552m 010@ $aslo 011@ $a2001 021A $aPetranský, Ivan A.. Katolícka cirkev na Slovensku a parlamentné voľby v roku 1946. - 2000 [Rezension] 028A $aPelčáková $dDagmar 031A $d8 $e4 $h830-831 $j2001 039B $aIn $8--Abvc--. Soudobé dějiny. - Praha : USD, 1993-. - ISSN 1210-7050 $x200100000080004170 $9048643750 039T $8--Aox--Petranský, Ivan A.. Katolícka cirkev na Slovensku a parlamentné voľby v roku 1946, 2000 $9392720450 045F $a900.94373 $eDDC23BSB 045F/01 $a900 045F/03 $g4373 045T $a7,41 045T $aOST $qDE-12 $2FID lok: 39479559 78 exp: 39479559 78 1 #EPN 201B/01 $018-11-16 $t12:45:43.000 201U/01 $0utf8 203@/01 $0791094200 208@/01 $a12-11-16 $be 209A/01 $a/ $f000 $x00 220C/01 $aTitelaufnehmer: azs;sk 220C/01 $aHerkunft: HI Marburg 244Z/01 $2Trx $#Slowakische Republik $#Szlovák Köztársaság $#Republika Słowacka $#Slovenská Republika $#Slovensko $#Slowakei $#Słowacja $#Slovensko $8--Trx--Slovenská Republika $x01 $9391345796 244Z/01 $2Trx $#arvustused $#recenzijos $#Reviews $#recenziók $#recenzje $#recenzie $#recenze $8--Trx--Rezensionen $x02 $9391357441 247C/01 $82080>Marburg/Lahn, Herder-Institut, Forschungsbibliothek, Bibliographieportal $9336309341
| LEADER | 00000caa a22000002c 4500 | ||
|---|---|---|---|
| 001 | 394795598 | ||
| 003 | DE-603 | ||
| 005 | 20210803210236.0 | ||
| 007 | tu | ||
| 008 | 161112s2001 xx |||| | u00||u|slo c | ||
| 035 | |a (DE-599)HEB394795598 | ||
| 040 | |a DE-603 |b ger |c DE-603 |d DE-603 | ||
| 041 | |a slo | ||
| 082 | 0 | 4 | |8 1\u |a 900.94373 |q DE-101 |2 23/BSB |
| 084 | |a 7,41 |2 ssgn | ||
| 084 | |a OST |q DE-12 |2 fid | ||
| 085 | |8 1\u |b 900 | ||
| 085 | |8 1\u |z 2 |s 4373 | ||
| 100 | 1 | |a Pelčáková, Dagmar | |
| 245 | 0 | 0 | |a Petranský, Ivan A.. Katolícka cirkev na Slovensku a parlamentné voľby v roku 1946. - 2000 [Rezension] |
| 264 | 0 | |c 2001 | |
| 773 | 0 | 8 | |i In |t Soudobé dějiny |d Praha : USD, 1993- |x 1210-7050 |g Band 8, Heft 4 (2001), Seite 830-831 |w (DE-603)048643750 |w (DE-600)1181942-X |
| 787 | 0 | 8 | |i Rezension von |a Petranský, Ivan A. |t Katolícka cirkev na Slovensku a parlamentné voľby v roku 1946 |w (DE-603)392720450 |
| 924 | 0 | |9 2080 |a (DE-603)791094200 |b DE-2080 |c HES |d d |g / | |


